01673aam a2200349 u 4500001000700000003001000007005001700017007000300034008004100037020001500078020001500093035001100108035002000119040003500139041000800174080000700182082000800189100003100197245007500228250001700303264009600320300003100416500005100447520054600498650002201044650003001066650002401096650002801120700003901148700003801187710009801225763595CO-MdUADB20260506093152.0ta020726s1999 mx d fr spa  a9684268378 a9275322732 a763595 a(OCoLC)44866200 aCO-MdUADBbspacCO-MdUADBerda aspa aWB 4a36310aCohen, Raquel E.4auteaut10aSalud mental para víctimas de desastres : bmanual para trabajadores a1. edición 1aMéxico :bOrganización Panamericana de la Salud ;bEditorial El Manual Moderno ,c1999. a75 páginas :bgráficas aGENERAL: incluye referencias bibliográficas.3 aConstituye un compendio notable de los conocimientos mas avanzados en este campo, en un mundo en el que cada vez son más dramáticos los efectos de los desastres naturales ya sean huracanes, terremotos, erupciones volcánicas, inundaciones, etc. Destaca aspectos cruciales en el manejo de las distintas victimas de los desastres, con especial atención a los más vulnerables: niños, personas de edad avanzada, enfermos por HIV, individuos farmacodependientes y su interacción con otras victimas... (Tomado de la solapa del libro). 7aSalud mental2dcs 7aDesastres naturales2lemb aTerapia psicosocial aVíctimas de desastres10aOntiveros Ruiz, Veronica4edteedt10aSantos Pérez, Alberto4edteedt20aOrganización Panamericana de la Salud4trl0(isni)0000 0001 2170 35040(viaf)140655061etrl